000 00300nam a2200121 i 4500
001 bg
245 0 _aZjazd Fizyków Polskich.
_nT. 2,
_pFizyka techniczna - dydaktyka fizyki.
260 _aToruń,
_c1979.
040 _cBPK
041 _apol
942 _cKS
008 s pl f |000 0 pol
999 _c20564
_d20564
856 _uhttp://koha.tu.koszalin.pl/cgi-bin/koha/opac-detail.pl?biblionumber=20564
_yKatalog online BPK